00274nam a2200121Ia 4500008004100000041001200041082001100053100001200064245005000076260000600126650000600132700001400138221030s9999 xx 000 0 und d aEnglish a105.23 aE. Rich 0aArtifical Intelligencecby E. Rich, K. Knight c0 aB aK. Knight